000 00967nam a22002417a 4500
999 _c2433
_d2433
003 AR-CdUCM
008 190304b ||||| |||| 00| 0 spa d
040 _aMUNICIPALIDAD PROVINCIAL DEL CUSCO
_cBIBLIOTECA MUNICIPAL DEL CUSCO
082 _23ed.
_a320.513 /
_bJ15
100 _aJaguande D'Anjoy, Alfonso
_98733
245 _aUniversidad y neoliberalismo :
_buna contribución al pensamiento universitario /
260 _a[Lima] :
_bTalleres Gráfica Retai S.A.C.,
_c2007.
300 _a38 páginas ;
_c20.5 cm.
500 _aPresentación: Francisco MiróQuesada Rada.
505 _aContenido: Neoliberalismo y educación -- Hitos reflexivos sobre el neoliberalismo -- Posibilidades de superar el Neoliberalismo ...
650 _aNeoliberalismo - Perú
_98734
650 _aEducación
_9460
650 _aEnsayo - Neoliberalismo
_98735
650 _aGlobalización
_98592
650 _aSiglo XXI
_92856
942 _2ddc
_cLIBROS
945 _alccs
_d2019-03-04